000 00905nam a22002531a 4500
005 20151002164745.0
008 150210s1972 ck gr 000 0bspa d
010 _a 81460587
040 _aCO-BoUCM
_cDavid Avila
_dDavid Avila
041 0 _aspa
043 _as-ck---
100 1 _aQuevedo, Numa
_971978
245 1 0 _aTrayectoria de Manuel Ancízar en Venezuela
_cNuma Quevedo.
260 _aBogotá (Colombia)
_bEditorial Kelly
_c1972
300 _a82 páginas
490 _aColección de bolsilibros de la Academia de Historia
_v23
504 _aIncluye referencias bibliográficas
600 1 0 _aAncízar, Manuel
_d1812-1882
_971979
650 0 _aEstadistas
_zColombia
_xBiografías
_971980
690 _942750
_aBiografías
830 _aColección de bolsilibros de la Academia de Historia
_n23
_971981
942 _2LOCAL
_a19
_cLIBROUR
_e1
_h923.2861
_mA541Q
999 _c301513
_d301513